Tea Multiple Choice - Statistics

General Stats
  • This quiz has been taken 1,692 times
  • The average score is 6 of 15
Answer Stats
Question Answer % Correct
Which country produces the most tea? China
62%
The rind of which citrus fruit is added to black tea to create Earl Grey tea? Bergamot orange
60%
Which type of tea is produced in Sri Lanka? Ceylon
56%
Butter made from which animals milk is tradtionally added to tea to make butter tea? Yak
54%
What percentage of tea consumption in the USA is from iced tea? 80%
44%
The pronunciation of tea originated from a chinese word meaning Bitter herb
37%
What type of mint leaf is used to make Moroccan mint tea? Spearmint
37%
Which country consumes the most tea per capita? Turkey
37%
Which of these types of tea is not unoxidized? Oolong
35%
In the UK in what order are the following components added when making tea Boiling water, milk, white sugar
34%
What temperature range of water is typically used to make green tea? 80-85 °C
31%
Which type of tea is not wilted in its production? Green
24%
Which part of the day is tea regularly consumed in the UK? Elevenses
21%
Roughly how many tonnes of tea are produced per year? 6 million
18%
In which period was the tea bag invented? 700's
10%
No matching quizzes found
Score Distribution
Percent of People with Each Score
Percentile by Number Answered
Your Score History
You have not taken this quiz